[Event "II Liga SSCS 2015 - Istok"]
[Site "VRNJAČKA BANJA - Hotel "]
[Date "2015.10.09"]
[Round "7.12"]
[White "NADJ HEDJESI, Balind"]
[Black "DJORDJEVIC, Vuk  **"]
[Result "1/2-1/2"]
[WhiteElo "2399"]
[BlackElo "2209"]
[PlyCount "0"]
[EventDate "2015.08.28"]

1.d4 Nf6 2.Nf3 e6 3.Bf4 d5 4.e3 Bd6 5.Ne5 O-O 6.Nd2 c5 7.c3 Nc6
8.Bd3 Bxe5 9.dxe5 Nd7 10.Nf3 f6 11.exf6 Nxf6 12.O-O Qe7 13.Ne5
Nxe5 14.Bxe5 b6 15.e4 dxe4 16.Bxf6 Rxf6 17.Bxe4 Bb7 18.Qe2 Bxe4
19.Qxe4 Rd8 20.Rad1 Rff8 21.Rfe1 g6 22.f3 Kf7 23.Qf4+ Kg7 24.Qe5+
Kg8 25.Kf1 Rfe8 26.g3 Rd7 27.h4 h5 28.Kf2 Kf7 29.Qf4+ Kg7 30.Qc4
Rd6 31.Qe2 Red8 32.Rxd6 Rxd6 33.Rd1 Kf7 34.Rd3 Qd7 35.Ke3 Qc7
36.Rxd6 Qxd6 37.Qa6 Qe5+ 38.Kf2 Qc7 39.Qd3 Qc6 40.g4 Qa4 41.Kg3
Qxa2 42.Qd7+ Kf8 43.Qd8+ Kg7 44.Qe7+ Kg8 45.Qf6 hxg4 46.Qxg6+
Kh8 47.Qh5+ Kg7 48.Qxg4+ Kf7 49.Qf4+ Kg7 50.Qg4+ Kf7 51.h5 Qb1
52.Kf4 Qd3 53.Kg3 Qb1 54.Qf4+ Kg7 55.Qc7+ Kf6 56.Qd8+ Kf5 57.Qf8+
Kg5 58.Qg7+ Kxh5 59.Qg4+ Kh6 60.Qxe6+ Kg7 61.Qe5+ Kf7 62.c4 Qd3
63.Qc7+ Kf6 64.Qf4+ Ke6 65.Qb8 Qg6+ 66.Kf4 Qf6+ 67.Kg3 Qg7+ 68.Kh3
Qxb2 69.Qxa7 Qb1 70.Qa8 Qh7+ 71.Kg3 Qg6+ 72.Kf4 Qf5+ 73.Ke3 Qg5+
74.Kd3 Qg2 75.Qc6+ Kf5 76.Qd5+ Kf6 77.Qd8+ Kf5 78.Qd7+ Ke5 79.Qe7+
Kf5 80.Qf7+ Ke5 81.f4+ Kd6 82.Qf6+ Kc7 83.Qe7+ Kc8 84.Qe6+ Kc7
85.Ke3 Qg3+ 86.Ke4 Qe1+ 87.Kf5 1/2-1/2

[Event "II Liga SSCS 2015 - Istok"]
[Site "VRNJAČKA BANJA - Hotel "]
[Date "2015.10.09"]
[Round "7.13"]
[White "KULAK, Dejan"]
[Black "CABARKAPA, Novak  **"]
[Result "0-1"]
[WhiteElo "2259"]
[BlackElo "2377"]
[PlyCount "0"]
[EventDate "2015.08.28"]

1.e4 e6 2.d4 d5 3.Nd2 c5 4.exd5 Qxd5 5.Ngf3 cxd4 6.Bc4 Qd7 7.O-O
Nc6 8.Nb3 Nf6 9.Nbxd4 Nxd4 10.Nxd4 a6 11.a4 Bc5 12.Nb3 Bd6 13.Qe2
Qc7 14.h3 Bd7 15.Nd4 O-O 16.Bg5 Ne4 17.Be3 Rac8 18.b3 e5 19.Nf3
Bc6 20.Ng5 Nf6 21.Rfe1 h6 22.Nf3 Ne4 23.Nd2 Nf6 24.Nf3 Bb4 25.Rf1
Ne4 26.Nh4 Nf6 27.Nf5 Be4 28.Ng3 Bg6 29.f4 exf4 30.Bxf4 Bd6 31.Bxd6
Qxd6 32.Qf2 Bxc2 33.Nf5 Bxf5 34.Qxf5 Rc5 35.Qf4 Qc6 36.Rad1 Rg5
37.Rf2 b5 38.Bf1 Ne4 39.Rf3 Rg6 40.Rd4 Ng5 41.Rg3 Ne6 42.Rxg6
fxg6 0-1

[Event "II Liga SSCS 2015 - Istok"]
[Site "VRNJAČKA BANJA - Hotel "]
[Date "2015.10.09"]
[Round "7.14"]
[White "RADUSINOVIC, Lazar  *"]
[Black "DJORDJEVIC, Nebojsa"]
[Result "1/2-1/2"]
[WhiteElo "2339"]
[BlackElo "2292"]
[PlyCount "0"]
[EventDate "2015.08.28"]

1.d4 d5 2.Nf3 c6 3.g3 Nf6 4.Bg2 e6 5.O-O Nbd7 6.b3 Be7 7.c4 O-O
8.Bb2 b6 9.Nfd2 Bb7 10.e4 dxe4 11.Nxe4 Nxe4 12.Bxe4 Nf6 13.Bg2
Qc7 14.Nc3 Rad8 15.Qf3 Ba8 16.Rad1 Rd7 17.Rd3 Rfd8 18.Rfd1 h6
19.Qe2 Bb7 20.Ne4 Nxe4 21.Bxe4 Bf6 22.Qd2 Be7 23.Qe3 Bf6 24.Ba3
Be7 25.Bxe7 Rxe7 26.c5 Red7 27.R3d2 bxc5 28.dxc5 Rxd2 29.Rxd2
Rxd2 30.Qxd2 f5 31.Bd3 Bc8 32.Bc4 Kf7 33.Qd3 Ke7 34.Qd4 e5 35.Qh4+
Kf8 36.Qh5 Qe7 37.Qg6 Bd7 38.Qh7 Be6 39.Qh8+ Kf7 40.Bxe6+ Kxe6
41.Qg8+ Qf7 42.Qb8 Qd7 43.Qg8+ Qf7 1/2-1/2

[Event "II Liga SSCS 2015 - Istok"]
[Site "VRNJAČKA BANJA - Hotel "]
[Date "2015.10.09"]
[Round "7.16"]
[White "ELEZ, Nikola  *"]
[Black "DJUKIC, Nebojsa"]
[Result "0-1"]
[WhiteElo "2222"]
[BlackElo "2174"]
[PlyCount "0"]
[EventDate "2015.08.28"]

1.e4 e6 2.b3 d5 3.Bb2 dxe4 4.Nc3 Nf6 5.g4 h6 6.Bg2 Be7 7.Qe2
Nbd7 8.O-O-O c6 9.Nxe4 Qc7 10.h3 b6 11.Nf3 Bb7 12.Nxf6+ Bxf6
13.Bxf6 gxf6 14.Rhe1 O-O-O 15.Qe3 Rdg8 16.Nd4 h5 17.Qe4 hxg4
18.hxg4 Ne5 19.Rh1 Rxh1 20.Bxh1 Rxg4 21.Qe3 a6 22.Ne2 f5 23.Qh6
Ng6 24.Bf3 Rh4 25.Qg7 Kb8 26.d4 Ka7 27.Kb1 Rh2 28.Rf1 Rh4 29.Qf6
Qe7 30.Qg7 Rh3 31.Bg2 Rh2 32.Rg1 Nh4 33.Nf4 Nxg2 34.Rxg2 Rxg2
35.Qxg2 Qd6 36.Ne2 c5 37.Qg3 Qxg3 38.fxg3 Bf3 39.Ng1 Bg4 40.dxc5
bxc5 41.Kc1 Kb6 42.Kd2 e5 43.Ke3 Kb5 44.c3 a5 45.Nf3 Bxf3 46.Kxf3
a4 47.Ke3 axb3 48.axb3 Kb6 49.Kd3 Kc6 50.Ke3 Kd5 51.Kf3 e4+ 52.Ke2
Kd6 53.Kf2 Ke6 54.Ke2 Ke5 55.Ke3 f6 56.Ke2 f4 57.g4 Ke6 58.Kf2
f3 59.Kg3 Ke5 60.Kf2 Kf4 0-1

[Event "II Liga SSCS 2015 - Istok"]
[Site "VRNJAČKA BANJA - Hotel "]
[Date "2015.10.09"]
[Round "7.17"]
[White "STOIMENOV, Roki"]
[Black "LUKIC, Dragan M "]
[Result "0-1"]
[WhiteElo "2021"]
[BlackElo "2287"]
[PlyCount "0"]
[EventDate "2015.08.28"]

1.Nf3 d5 2.c4 e6 3.b3 d4 4.Bb2 c5 5.g3 Nc6 6.Bg2 Bd6 7.O-O Nge7
8.e3 e5 9.d3 O-O 10.Nbd2 Bc7 11.exd4 exd4 12.a3 a5 13.Ne4 b6
14.Nh4 h6 15.Qh5 f5 16.Ng6 Nxg6 17.Qxg6 Ne5 18.Nf6+ Rxf6 19.Qxf6
Qxf6 20.Bxa8 Nxd3 21.Bc1 Bd7 22.Rd1 Nxc1 23.Raxc1 Bc6 24.Bxc6
Qxc6 25.Rd3 Qe4 26.Rcd1 h5 27.f3 Qe2 28.a4 f4 29.R1d2 Qe1+ 30.Kg2
fxg3 0-1

[Event "II Liga SSCS 2015 - Istok"]
[Site "VRNJAČKA BANJA - Hotel "]
[Date "2015.10.09"]
[Round "7.21"]
[White "MILOVANOVIC, Srboljub"]
[Black "GOVEDARICA, Radovan"]
[Result "0-1"]
[WhiteElo "2217"]
[BlackElo "2369"]
[PlyCount "0"]
[EventDate "2015.08.28"]

1.d4 Nf6 2.c4 e6 3.Nc3 Bb4 4.e3 O-O 5.Nf3 d5 6.Bd3 c5 7.O-O cxd4
8.exd4 dxc4 9.Bxc4 b6 10.Bg5 Bb7 11.Qe2 Nbd7 12.Ne5 Bxc3 13.bxc3
Qc7 14.Nxd7 Nxd7 15.Rac1 h6 16.Bh4 Qf4 17.Bg3 Qe4 18.Qxe4 Bxe4
19.f3 Bc6 20.Rfd1 a6 21.Bb3 b5 22.c4 bxc4 23.Rxc4 Bd5 24.Rc7
Nb6 25.Bd6 Rfd8 26.Bc5 Bxb3 27.axb3 Nd5 28.Rb7 Rdb8 29.Rxb8+
Rxb8 30.Rd3 Rb5 31.Kf2 Ra5 32.Rd2 Ra1 33.Rb2 a5 34.g3 g5 35.Ke2
a4 36.bxa4 Rxa4 37.Kf2 h5 38.Rd2 Rc4 39.Bd6 g4 40.Bf4 f6 41.fxg4
hxg4 42.Kg2 Rc3 43.Bb8 Kf7 44.h4 Ne3+ 45.Kf2 Nc4 46.Rd1 Rc2+
47.Kg1 Nd2 48.Bf4 Nf3+ 49.Kf1 Kg6 50.d5 e5 51.Be3 Rc7 52.Ke2
Rd7 53.d6 f5 54.Bc5 f4 55.Kf2 Kf5 56.h5 Ng5 57.Bb4 Ne4+ 58.Kg1
Nxg3 59.h6 Ke6 60.Kg2 Nf5 61.Rh1 Rh7 62.Rh5 Nxd6 63.Rg5 Rxh6
64.Rxg4 Ne4 65.Rg8 Nf6 66.Ra8 Rg6+ 67.Kf1 Rg3 68.Be1 Rb3 69.Bh4
Nd5 70.Bf2 Kf5 71.Ra4 e4 72.Ba7 Rb1+ 73.Kf2 e3+ 74.Bxe3 fxe3+ 0-1

[Event "II Liga SSCS 2015 - Istok"]
[Site "VRNJAČKA BANJA - Hotel "]
[Date "2015.10.09"]
[Round "7.22"]
[White "DJOKIC, Nebojsa"]
[Black "PETROVIC, Dragan R"]
[Result "1/2-1/2"]
[WhiteElo "2204"]
[BlackElo "2201"]
[PlyCount "0"]
[EventDate "2015.08.28"]

1.e4 c5 2.Nf3 e6 3.d4 cxd4 4.Nxd4 Nf6 5.Bd3 d6 6.Nc3 Be7 7.O-O
O-O 8.Kh1 a6 9.f4 Qc7 10.a4 Nc6 11.Be3 Nxd4 12.Bxd4 e5 13.Be3
exf4 14.Bxf4 Be6 15.Nd5 Bxd5 16.exd5 Nd7 17.Ra3 g6 18.c4 Ne5
19.Be2 f5 20.Rh3 Bf6 21.b3 Rae8 22.Qd2 Rf7 23.Bd1 1/2-1/2

[Event "II Liga SSCS 2015 - Istok"]
[Site "VRNJAČKA BANJA - Hotel "]
[Date "2015.10.09"]
[Round "7.23"]
[White "KRAGULJAC, Pero"]
[Black "JOVANOVIC, Aleksandar D"]
[Result "1-0"]
[WhiteElo "2121"]
[BlackElo "2195"]
[PlyCount "0"]
[EventDate "2015.08.28"]

1.e4 e5 2.Nf3 Nc6 3.Bb5 a6 4.Ba4 Nf6 5.O-O Be7 6.Re1 b5 7.Bb3
d6 8.c3 Bg4 9.d3 Na5 10.Bc2 Nd7 11.h3 Bh5 12.Nbd2 Nb7 13.Nf1
Nbc5 14.Ng3 Bg6 15.d4 Ne6 16.a4 b4 17.d5 Nf4 18.cxb4 Qb8 19.Bd2
O-O 20.Ne2 Nxe2+ 21.Rxe2 Rc8 22.Bc3 c6 23.dxc6 Rxc6 24.Bd3 Rc7
25.Rc1 Qb7 26.Re1 Nf6 27.Qe2 Qa7 28.Bd2 Rac8 29.Nh4 Rxc1 30.Bxc1
a5 31.Nxg6 hxg6 32.Be3 Qa8 33.bxa5 Nxe4 34.Bb6 Nf6 35.a6 e4 36.Bb5
Qb8 37.Bd4 d5 38.Qe3 Ne8 39.Rc1 Nd6 40.Rxc8+ Nxc8 41.Qc3 Bf6
42.Bxf6 gxf6 43.Qxf6 Na7 44.Bf1 Qb4 45.Qd8+ Kg7 46.Qxd5 Qxa4
47.Qc5 Nc6 48.b3 1-0

[Event "II Liga SSCS 2015 - Istok"]
[Site "VRNJAČKA BANJA - Hotel "]
[Date "2015.10.09"]
[Round "7.24"]
[White "ILIC, Aleksandar "]
[Black "LUKIC, Igor M"]
[Result "1/2-1/2"]
[WhiteElo "2147"]
[BlackElo "2109"]
[PlyCount "0"]
[EventDate "2015.08.28"]

1.e4 d6 2.d4 g6 3.Nc3 Bg7 4.Be3 e5 5.dxe5 dxe5 6.Qxd8+ Kxd8 7.Bc4
Be6 8.Bxe6 fxe6 9.O-O-O+ Nd7 10.Nf3 Ke7 11.Rd2 Ngf6 12.Rhd1 a6
13.Bg5 Rhd8 14.h3 Rac8 15.g4 h6 16.Bh4 g5 17.Bg3 Ne8 18.h4 Bf6
19.hxg5 hxg5 20.Rh1 Nd6 21.Rh7+ Nf7 22.Rd1 Nf8 23.Rh5 Rxd1+ 24.Nxd1
Ng6 25.b3 Rd8 26.Nb2 Rg8 27.Nd3 a5 28.a4 b6 29.Rh7 Rg7 30.Rxg7
Bxg7 31.Kb2 Bf6 32.c3 Kd7 33.Kc2 Kc6 34.b4 Kd6 35.bxa5 bxa5 36.Nd2
Kc6 37.Nb3 Nd6 38.f3 Nb7 39.Kd2 Bg7 40.Nb2 Kb6 41.Bf2+ Ka6 42.Nd3
Bf8 43.Bc5 Bd6 44.Be3 Be7 45.Ke2 Nf4+ 46.Bxf4 exf4 47.Nd4 Nd8
48.Ne5 c5 49.Nb3 Nb7 50.Kd3 Kb6 51.Nc4+ Ka6 52.Nbd2 Ka7 53.e5
Kb8 54.Nb3 Bd8 55.Ncd2 Kc7 56.Ne4 Kc6 57.Kc4 Be7 58.Nf2 Bd8 59.Nd2
Be7 60.Nde4 Nd8 61.Nd3 Nf7 62.Nd2 Nd8 63.Kb3 Nf7 64.Kc4 Nd8 1/2-1/2

[Event "II Liga SSCS 2015 - Istok"]
[Site "VRNJAČKA BANJA - Hotel "]
[Date "2015.10.09"]
[Round "7.25"]
[White "SAVIC, Nebojsa"]
[Black "DJUKIC, Slobodan D"]
[Result "0-1"]
[WhiteElo "2045"]
[BlackElo "2127"]
[PlyCount "0"]
[EventDate "2015.08.28"]

1.e4 d5 2.f3 e5 3.Nc3 d4 4.Nce2 Nc6 5.Ng3 h5 6.d3 h4 7.N3e2 g5
8.h3 Be6 9.a3 Bh6 10.c3 Qd6 11.c4 a5 12.b3 Nf6 13.g4 Qc5 14.Bd2
Rg8 15.Nc1 Kd7 16.Qc2 b5 17.Be2 Rgb8 18.Ra2 Ra7 19.Kf2 Rab7 20.Kg2
Nh7 21.Bd1 Nf8 22.Nge2 Ng6 23.cxb5 Qxb5 24.Rb2 f6 25.Qb1 Bf8
26.Qa1 Qc5 27.Ra2 Qd6 28.Rf1 a4 29.b4 Bxa2 30.Qxa2 Ra7 31.Bc2
Qe6 32.Qa1 Rb6 33.Bb1 Nd8 34.Ba2 Qe8 35.Bc4 c5 36.Na2 Nc6 37.bxc5
Bxc5 38.Nb4 Bxb4 39.axb4 Qb8 40.b5 Rxb5 41.Bxb5 Qxb5 42.Qa3 Rb7
43.Rc1 Nge7 44.Rc2 Qb1 45.Qxa4 Qd1 46.Bc1 Qxd3 47.Ba3 Rb3 48.Ra2
Qxf3+ 49.Kg1 Qe3+ 50.Kf1 Qxh3+ 51.Ke1 Rb1+ 52.Nc1 Qh1+ 53.Kd2
Qxe4 54.Nd3 Qg2+ 0-1

[Event "II Liga SSCS 2015 - Istok"]
[Site "VRNJAČKA BANJA - Hotel "]
[Date "2015.10.09"]
[Round "7.26"]
[White "MADJAR, Stanislav"]
[Black "JANKOVIC, Uros  **"]
[Result "1-0"]
[WhiteElo "2166"]
[BlackElo "1792"]
[PlyCount "0"]
[EventDate "2015.08.28"]

1.c4 e6 2.Nf3 d5 3.g3 Nf6 4.Bg2 Be7 5.O-O O-O 6.d4 b6 7.Ne5 Bb7
8.Qa4 Qe8 9.Qc2 c5 10.e3 Nc6 11.Rd1 dxc4 12.Nxc6 Bxc6 13.Qxc4
Bxg2 14.Kxg2 cxd4 15.exd4 Rc8 16.Qe2 Qc6+ 17.Kg1 Nd5 18.Be3 Qa4
19.b3 Qa5 20.Bd2 Bb4 21.Bxb4 Qxb4 22.Qb2 Rc7 23.Na3 Rfc8 24.Rd3
a5 25.Rad1 Nc3 26.R1d2 Ne4 27.Rd1 Nc3 28.R1d2 Ne4 29.Nc4 a4 30.a3
Qe7 31.Ne3 Rc1+ 32.Rd1 Rxd1+ 33.Rxd1 Nc3 34.Rd2 axb3 35.Qxb3
Qb7 36.Rc2 Ne4 37.Rxc8+ Qxc8 38.Qxb6 h6 39.Qb2 $10 Ng5 40.h4
Nf3+ 41.Kg2 Qa8 42.d5 Ne1+ 43.Kf1 Nd3 44.Qb3 Qa6 45.Kg1 Nc5 46.Qb8+
Kh7 47.dxe6 Qxe6 48.Qb1+ g6 49.Qc2 Nb3 50.Qc4 Qxc4 51.Nxc4 Nc5
52.Kf1 Kg7 53.Ke2 Kf6 54.Ke3 Ke6 55.f3 Kd5 56.Nb2 f5 57.Nd3 1-0

[Event "II Liga SSCS 2015 - Istok"]
[Site "VRNJAČKA BANJA - Hotel "]
[Date "2015.10.09"]
[Round "7.27"]
[White "PAVLOVIC, Milan R  **"]
[Black "PETROVIC, Tijana  **"]
[Result "1-0"]
[WhiteElo "1792"]
[BlackElo "1769"]
[PlyCount "0"]
[EventDate "2015.08.28"]

1.e4 c5 2.Nf3 d6 3.Bb5+ Nd7 4.d4 cxd4 5.Nxd4 Ngf6 6.Nc3 a6 7.Bxd7+
Bxd7 8.Be3 g6 9.Qd2 Ng4 10.Nb3 Bg7 11.Bd4 Nf6 12.e5 dxe5 13.Bxe5
O-O 14.Rd1 Bc6 15.f3 Qxd2+ 16.Rxd2 Bh6 17.Rd3 Nd7 18.Bg3 Rac8
19.O-O b5 20.Re1 b4 21.Nd5 Bxd5 22.Rxd5 Nb6 23.Rd4 Rxc2 24.Rxb4
Nd5 25.Ra4 Ra8 26.Be5 Ne3 27.g3 Rg2+ 28.Kh1 Rf2 29.f4 Ng4 30.h4
Rc8 31.Bc3 Bg7 32.Rc1 Rd8 33.Nd4 Rd6 34.Kg1 e5 35.fxe5 Bxe5 36.Nb3
Bxg3 37.Rxg4 Rf3 38.Kg2 Rdd3 39.Rf1 Rfe3 40.Nc1 1-0

[Event "II Liga SSCS 2015 - Istok"]
[Site "VRNJAČKA BANJA - Hotel "]
[Date "2015.10.09"]
[Round "7.28"]
[White "PETROVIC, Tamara  **"]
[Black "PAVLOVIC, Branka  *"]
[Result "1/2-1/2"]
[WhiteElo "1793"]
[BlackElo "1840"]
[PlyCount "0"]
[EventDate "2015.08.28"]

1.Nf3 Nf6 2.c4 e6 3.d4 c5 4.a3 b6 5.Nc3 Bb7 6.e3 cxd4 7.Nxd4
Be7 8.Qc2 d6 9.e4 Nbd7 10.Be2 a6 11.O-O Rc8 12.f3 O-O 13.Be3
Ne5 14.Qb3 Nfd7 15.Na4 Qc7 16.Rac1 Nc5 17.Qd1 Rfd8 18.Nc3 Ng6 1/2-1/2

[Event "II Liga SSCS 2015 - Istok"]
[Site "VRNJAČKA BANJA - Hotel "]
[Date "2015.10.09"]
[Round "7.31"]
[White "MLADENOVIC, Stefan  *"]
[Black "RADOSAVLJEVIC, Slobodan D"]
[Result "1/2-1/2"]
[WhiteElo "2326"]
[BlackElo "2174"]
[PlyCount "0"]
[EventDate "2015.08.28"]

1.d4 c5 2.d5 Nf6 3.Nc3 g6 4.e4 d6 5.Be2 Bg7 6.Nf3 O-O 7.O-O e6
8.Nd2 exd5 9.exd5 Nbd7 10.Nc4 Nb6 11.Ne3 Ne8 1/2-1/2

[Event "II Liga SSCS 2015 - Istok"]
[Site "VRNJAČKA BANJA - Hotel "]
[Date "2015.10.09"]
[Round "7.33"]
[White "RAICEVIC, Ivica"]
[Black "POPOVIC, Djordje D"]
[Result "1/2-1/2"]
[WhiteElo "2238"]
[BlackElo "2244"]
[PlyCount "0"]
[EventDate "2015.08.28"]

1.c4 c5 2.Nc3 Nf6 3.e4 d6 4.g3 e6 5.Bg2 Be7 6.Nge2 O-O 7.O-O
Nc6 8.d3 a6 9.h3 Rb8 10.a4 Nd7 11.Be3 Bf6 12.d4 cxd4 1/2-1/2

[Event "II Liga SSCS 2015 - Istok"]
[Site "VRNJAČKA BANJA - Hotel "]
[Date "2015.10.09"]
[Round "7.38"]
[White "BLAGOJEVIC, Nikola  **"]
[Black "IVANOVIC, Veljko  **"]
[Result "1/2-1/2"]
[WhiteElo "1707"]
[BlackElo "1912"]
[PlyCount "0"]
[EventDate "2015.08.28"]

1.Nf3 c5 2.c4 g6 3.g3 Bg7 4.Bg2 Nc6 5.O-O e6 6.Nc3 Nge7 7.e3
O-O 8.d4 cxd4 9.Nxd4 Nxd4 10.exd4 d5 11.cxd5 Nxd5 12.Nxd5 exd5 1/2-1/2

[Event "II Liga SSCS 2015 - Istok"]
[Site "VRNJAČKA BANJA - Hotel "]
[Date "2015.10.09"]
[Round "7.51"]
[White "RISTIC, Nebojsa B"]
[Black "BLAGOJEVIC, Vladan"]
[Result "1/2-1/2"]
[WhiteElo "2313"]
[BlackElo "2136"]
[PlyCount "0"]
[EventDate "2015.08.28"]

1.d4 Nf6 2.Nf3 b6 3.Bg5 Bb7 4.Nbd2 d6 5.Bxf6 exf6 6.g3 g6 7.Bg2
Bg7 8.O-O f5 9.e3 O-O 10.Ne1 Qc8 11.h4 Nd7 12.Bxb7 Qxb7 13.Qf3
d5 14.Nd3 c5 15.c3 Rac8 16.h5 Nf6 17.Nf4 Ne4 18.Rfd1 g5 19.Nd3
cxd4 1/2-1/2

[Event "II Liga SSCS 2015 - Istok"]
[Site "VRNJAČKA BANJA - Hotel "]
[Date "2015.10.09"]
[Round "7.52"]
[White "RADOVIC, Luka  **"]
[Black "DIMITRIJEVIC, Zoran"]
[Result "1/2-1/2"]
[WhiteElo "2286"]
[BlackElo "2137"]
[PlyCount "0"]
[EventDate "2015.08.28"]

1.Nf3 Nf6 2.c4 c5 3.g3 g6 4.Bg2 Nc6 5.O-O Bg7 6.d4 cxd4 7.Nxd4
O-O 8.c5 a6 9.Nc3 Qc7 10.Nb3 Rd8 11.Bf4 d6 12.cxd6 exd6 13.Rc1
Be6 14.e4 Qe7 15.Re1 Ne5 16.Nd4 Rac8 17.Nxe6 Qxe6 18.b3 Nfd7
19.Nd5 Rxc1 1/2-1/2

[Event "II Liga SSCS 2015 - Istok"]
[Site "VRNJAČKA BANJA - Hotel "]
[Date "2015.10.09"]
[Round "7.53"]
[White "BULATOVIC, Nikola  **"]
[Black "RADOVIC, Janko  **"]
[Result "1/2-1/2"]
[WhiteElo "2078"]
[BlackElo "2270"]
[PlyCount "0"]
[EventDate "2015.08.28"]

1.e4 c5 2.Nf3 d6 3.Nc3 Nf6 4.Be2 g6 5.d4 cxd4 6.Nxd4 Bg7 7.Bg5
Nc6 8.Nb3 O-O 9.O-O Be6 10.f4 Na5 1/2-1/2

[Event "II Liga SSCS 2015 - Istok"]
[Site "VRNJAČKA BANJA - Hotel "]
[Date "2015.10.09"]
[Round "7.54"]
[White "DJURETANOVIC, Ivan"]
[Black "DJORDJEVIC, Danilo  **"]
[Result "1/2-1/2"]
[WhiteElo "2010"]
[BlackElo "2101"]
[PlyCount "0"]
[EventDate "2015.08.28"]

1.e4 c5 2.Nf3 d6 3.c3 Nf6 4.Be2 Nbd7 5.d3 g6 6.c4 Bg7 7.Nc3 a6
8.a4 O-O 9.h3 e5 10.Be3 Re8 11.Qd2 Nf8 12.Bg5 Ne6 13.Be3 Nd4
14.Bd1 Be6 15.Ng5 Qe7 16.O-O Nd7 17.f4 exf4 18.Bxf4 Ne5 19.Ne2 1/2-1/2

[Event "II Liga SSCS 2015 - Istok"]
[Site "VRNJAČKA BANJA - Hotel "]
[Date "2015.10.09"]
[Round "7.56"]
[White "NIKOLIC, Vladimir"]
[Black "VUKASINOVIC, Sasa"]
[Result "1/2-1/2"]
[WhiteElo "1994"]
[BlackElo "2075"]
[PlyCount "0"]
[EventDate "2015.08.28"]

1.Nf3 Nf6 2.g3 g6 3.Bg2 Bg7 4.O-O O-O 5.d4 d6 6.Nbd2 Nbd7 7.e4
e5 8.dxe5 dxe5 9.Qe2 Qe7 10.Nc4 a5 11.Re1 b5 12.Ne3 c6 13.Nf1
Ba6 14.Bg5 h6 15.Bxf6 Nxf6 16.Qd2 b4 17.Rad1 Rfd8 1/2-1/2

[Event "II Liga SSCS 2015 - Istok"]
[Site "VRNJAČKA BANJA - Hotel "]
[Date "2015.10.09"]
[Round "7.57"]
[White "DJORDJEVIC, Miroslav"]
[Black "MITIC, Zoran"]
[Result "1/2-1/2"]
[WhiteElo "1958"]
[BlackElo "1943"]
[PlyCount "0"]
[EventDate "2015.08.28"]

1.f4 e5 2.fxe5 d6 3.exd6 Bxd6 4.Nf3 Bg4 5.e4 Nd7 6.d4 c5 7.e5
Bc7 8.c3 Ne7 9.Bc4 O-O 10.O-O cxd4 11.cxd4 Bb6 1/2-1/2

[Event "II Liga SSCS 2015 - Istok"]
[Site "VRNJAČKA BANJA - Hotel "]
[Date "2015.10.09"]
[Round "7.61"]
[White "ILIC, Zoran S"]
[Black "MARJANOVIC, Dejan  **"]
[Result "0-1"]
[WhiteElo "2278"]
[BlackElo "2316"]
[PlyCount "0"]
[EventDate "2015.08.28"]

1.d4 d5 2.Nf3 Nf6 3.c4 dxc4 4.e3 b5 5.a4 b4 6.Bxc4 e6 7.O-O Be7
8.Qe2 Bb7 9.Nbd2 O-O 10.Nb3 a5 11.Rd1 Nbd7 12.Bd2 Qb8 13.Be1
Rc8 14.Bd3 c5 15.dxc5 Nxc5 16.Nxc5 Bxc5 17.Rac1 Be7 18.Bb5 Ne4
19.Nd4 Nc5 20.f3 Bd6 21.h3 g6 22.Qf2 e5 23.Ne2 Ba6 24.Bc4 Nxa4
25.Bd5 Nxb2 26.Rxc8+ Qxc8 27.Bxf7+ Kxf7 28.Rxd6 Qc7 29.Rd5 Kg8
30.Ng3 Nd3 31.Qd2 Rd8 32.Rxd8+ Qxd8 33.Ne4 Qc7 34.Qa2+ Bc4 35.Qa1
Nxe1 36.Qxe1 Qd8 37.Qa1 Qc7 38.Nf6+ Kf7 39.Ng4 Ke6 40.f4 Qc5
41.Kh2 h5 42.Nxe5 Qxe3 43.Nxg6 Bd3 44.Qg7 Bxg6 45.Qxg6+ Kd5 46.Qxh5+
Kc4 47.Qxa5 Qxf4+ 48.Kh1 Qc1+ 49.Kh2 Qf4+ 50.Kh1 Qd4 51.Qa6+
Kb3 52.Kh2 Qe5+ 53.g3 Kb2 54.h4 b3 55.Qd3 Qc3 56.Qa6 0-1

[Event "II Liga SSCS 2015 - Istok"]
[Site "VRNJAČKA BANJA - Hotel "]
[Date "2015.10.09"]
[Round "7.63"]
[White "BOJKOVIC, Slobodan"]
[Black "TOSIC, Nebojsa"]
[Result "1-0"]
[WhiteElo "2213"]
[BlackElo "2137"]
[PlyCount "0"]
[EventDate "2015.08.28"]

1.e4 c6 2.d4 d5 3.Nc3 dxe4 4.Nxe4 Nd7 5.Nf3 Ngf6 6.Ng3 Qc7 7.Bc4
e6 8.Qe2 Nb6 9.Bd3 c5 10.c3 cxd4 11.Nxd4 a6 12.f4 Be7 13.O-O
O-O 14.Nf3 Na4 15.Ne5 g6 16.Bc2 b5 17.c4 Nb6 18.b3 Bb7 19.Bd3
bxc4 20.bxc4 Rfd8 21.Rb1 Bf8 22.Bb2 Bg7 23.Ba1 Rab8 24.Kh1 Na4
25.Rbc1 Nc5 26.Bb1 Ba8 27.h3 h5 28.Nf3 Rbc8 29.Be5 Qc6 30.Rfe1
Rd7 31.Qb2 Rb7 32.Qa1 Ncd7 33.Ne4 Nxe5 34.Nxf6+ Bxf6 35.fxe5
Be7 36.Be4 Qc7 37.Bxb7 Qxb7 38.Qd4 Bc5 39.Qd3 Qb2 40.Rc2 Qb4
41.Rd1 Bc6 42.Rcd2 Rb8 43.Ng5 Re8 44.Qf1 Rf8 45.Rd8 Qb7 46.Rxf8+
Bxf8 47.Rd8 Qe7 48.Qf6 Qb7 49.Nxe6 1-0

[Event "II Liga SSCS 2015 - Istok"]
[Site "VRNJAČKA BANJA - Hotel "]
[Date "2015.10.09"]
[Round "7.64"]
[White "TRIFUNOVIC, Miroljub"]
[Black "MITROVIC, Darko R"]
[Result "1/2-1/2"]
[WhiteElo "2209"]
[BlackElo "2241"]
[PlyCount "0"]
[EventDate "2015.08.28"]

1.d4 Nf6 2.c4 e6 3.Nf3 b6 4.g3 Bb7 5.Bg2 Bb4+ 6.Bd2 Bxd2+ 7.Nbxd2
O-O 8.O-O c5 9.e3 Nc6 10.Rc1 Qe7 11.Ne5 Nd8 12.Ndf3 d6 13.Nd3
Rc8 14.Re1 Be4 1/2-1/2

[Event "II Liga SSCS 2015 - Istok"]
[Site "VRNJAČKA BANJA - Hotel "]
[Date "2015.10.09"]
[Round "7.65"]
[White "PERUNOVIC, Ljubivoje"]
[Black "ZAFIROVSKI, Mite"]
[Result "1/2-1/2"]
[WhiteElo "1863"]
[BlackElo "2257"]
[PlyCount "0"]
[EventDate "2015.08.28"]

1.d4 Nf6 2.Nf3 e6 3.Nbd2 c5 4.c3 Nc6 5.e4 cxd4 6.cxd4 d6 7.Bb5
Bd7 8.O-O Be7 9.Re1 O-O 10.Bf1 Rc8 11.a3 a6 12.e5 dxe5 13.dxe5
Nd5 14.g3 Qc7 15.Bg2 1/2-1/2